All CSTO Members - Statistics

General Stats
  • This quiz has been taken 18 times
  • The average score is 6 of 6
Answer Stats
Answer % Correct
Russia
100%
Armenia
94%
Belarus
94%
Kazakhstan
94%
Kyrgyzstan
94%
Tajikistan
88%
No matching quizzes found
Score Distribution
Percent of People with Each Score
Percentile by Number Answered
Your Score History
You have not taken this quiz